00275nam a2200109Ia 4500008004100000100003000041245003100071260002600102650001300128942000700141999001700148190216s9999||||xx |||||||||||||| ||und|| aDamodar Darmanand Kosambi 0aThiranjedutha Prabandangal bJanaskti Publications aLekhanam cBK c26667d26667